[Event "ICS rated bullet match"]
[Site "204.178.125.65"]
[Date "2000.06.08"]
[Round "?"]
[White "JSBach"]
[Black "Hossa"]
[Result "0-1"]
[WhiteElo "2090"]
[BlackElo "2293"]
[PlyCount "248"]
[EventDate "2000.??.??"]

1. d4 Nf6 2. Bf4 g6 3. Nc3 Bg7 4. Nb5 d6 5. Rb1 O-O 6. a4 Nd5 7. Bg5 c6 8. c4
Qa5+ 9. Bd2 Nb4 10. Nc7 Qxc7 11. Bxb4 c5 12. dxc5 dxc5 13. Bc3 Bf5 14. Bxg7 Rd8
15. Bc3 Rxd1+ 16. Rxd1 Bc2 17. Ra1 Qd7 18. a5 Qg4 19. e3 Na6 20. h3 Qd7 21. Rc1
Bb3 22. Nf3 Rd8 23. Be2 f6 24. Nd2 Ba4 25. b3 Bc6 26. O-O e5 27. Rcd1 Qe7 28.
Bg4 f5 29. Be2 e4 30. Bb2 Nb4 31. Bc3 Nd3 32. Kh2 Qc7+ 33. Kh1 Rd7 34. Nb1 b6
35. axb6 Qxb6 36. Nd2 Qd8 37. Kg1 Ba8 38. Nb1 Qb6 39. Nd2 Qe6 40. h4 a6 41. h5
g5 42. Ba5 Qh6 43. Bc3 Qb6 44. Kh1 Qe6 45. Nb1 Qd6 46. Kg1 Qb6 47. Nd2 g4 48.
Bxd3 exd3 49. Be5 Qc6 50. f3 Qh6 51. e4 gxf3 52. Rxf3 fxe4 53. Rg3+ Kf7 54.
Rf1+ Ke6 55. Bf4 Qf6 56. Bg5 Qd4+ 57. Be3 Qe5 58. Rg5 Qb2 59. Rf8 Bb7 60. Rgf5
Rc7 61. Rf2 Qe5 62. Bf4 Qa1+ 63. Rf1 Qd4+ 64. Kh1 Rg7 65. h6 Re7 66. b4 cxb4
67. Nb3 Qxc4 68. Nd2 Qd5 69. Be3 Kd7 70. Rc1 Re8 71. Rff1 Qh5+ 72. Kg1 Bc6 73.
Rc5 Qe2 74. Nc4 Rg8 75. Rf2 Qe1+ 76. Rf1 Qg3 77. Rf2 Bb5 78. Bf4 Qh3 79. Nb6+
Ke7 80. Re5+ Kd8 81. Rd5+ Bd7 82. Rxd7+ Ke8 83. Rd4 Qe6 84. Nd5 Qg6 85. Rxe4+
Kd7 86. Rd2 a5 87. Re3 Re8 88. Rg3 Qe6 89. Rgxd3 Qe1+ 90. Kh2 Kc6 91. Bg3 Qc1
92. Nc7 Rg8 93. Bd6 Rg6 94. Bf4 Qf1 95. Rd4 Rg8 96. Bd6 Qf6 97. Rc2+ Kb7 98.
Rd3 Rd8 99. Nb5 Qf5 100. Rcd2 Qxb5 101. Rd5 Qf1 102. Rxa5 Rxd6 103. Rxd6 Qf4+
104. Kh3 Qxd6 105. Rb5+ Ka6 106. Rh5 b3 107. Rf5 Qxh6+ 108. Kg4 Qg6+ 109. Rg5
Qxg5+ 110. Kxg5 b2 111. Kf4 Kb6 112. Kf5 Kc5 113. g4 Kd4 114. g5 Kd5 115. Kg4
Ke4 116. Kh5 Kf5 117. Kh6 b1=Q 118. Kxh7 Qb7+ 119. Kh6 Qc6+ 120. Kg7 Qd7+ 121.
Kf8 Qd6+ 122. Ke8 Qc6+ 123. Kd8 Ke6 124. g6 Qd7# {JSBach checkmated} 0-1

[Event "ICS rated bullet match"]
[Site "204.178.125.65"]
[Date "2000.06.08"]
[Round "?"]
[White "Hossa"]
[Black "JSBach"]
[Result "1-0"]
[WhiteElo "2301"]
[BlackElo "2118"]
[PlyCount "77"]
[EventDate "2000.??.??"]

1. d4 d5 2. Nf3 Nc6 3. c4 dxc4 4. d5 Na5 5. Qa4+ c6 6. Bd2 Qb6 7. Qxa5 Qxb2 8.
Qc3 Qxc3 9. Nxc3 cxd5 10. Nxd5 Rb8 11. Bf4 e5 12. Bxe5 Ne7 13. Nxe7 Ra8 14.
Nxc8 Rxc8 15. Bc3 Rd8 16. Rb1 b6 17. e3 Rc8 18. Nd2 Bc5 19. Bxg7 Rg8 20. Bc3
Rg6 21. Nxc4 Ke7 22. Bd3 Rxg2 23. Bxh7 Ba3 24. Nxa3 Rxc3 25. Nb5 Rc8 26. Nxa7
Rc3 27. Be4 Rg4 28. Bb7 Rc2 29. Nc8+ Kd8 30. Nxb6 Rxa2 31. Nd5 Rc4 32. Rd1 Ke8
33. Nf6+ Ke7 34. Ng8+ Kf8 35. Rd8+ Kg7 36. Rg1+ Rg4 37. Rxg4+ Kh7 38. Nf6+ Kh6
39. Rh8# 1-0

[Event "ICS rated standard match"]
[Site "204.178.125.65"]
[Date "2000.06.08"]
[Round "?"]
[White "Jack-Daniels"]
[Black "Hossa"]
[Result "1-0"]
[WhiteElo "2579"]
[BlackElo "2331"]
[PlyCount "115"]
[EventDate "2000.??.??"]

1. e4 c5 2. Nc3 Nc6 3. g3 g6 4. Bg2 d6 5. d3 Nf6 6. f4 Bg7 7. Nf3 O-O 8. O-O
Nd4 9. h3 Nh5 10. Kh2 Nf6 11. a3 Nxf3+ 12. Qxf3 Nd7 13. Qf2 e6 14. Be3 f5 15.
Bf3 fxe4 16. Nxe4 Nb6 17. Rab1 Nd5 18. Bd2 Qc7 19. c4 Bd4 20. Qe1 Ne7 21. b4
Nc6 22. b5 Ne7 23. Ng5 Qd7 24. Bc3 Nf5 25. Qd2 Bxc3 26. Qxc3 Nd4 27. Bg2 Qg7
28. Qb2 Qf6 29. Nf3 Nf5 30. Qxf6 Rxf6 31. Rbe1 Rf8 32. g4 Ng7 33. Kg3 Rb8 34.
d4 cxd4 35. Rf2 Rd8 36. Rd2 Kf8 37. Rxd4 Ke7 38. Rd3 Bd7 39. Ng5 Rdc8 40. Rd4
h6 41. Ne4 Ne8 42. Red1 Rc7 43. Nxd6 Nxd6 44. Rxd6 g5 45. R6d4 gxf4+ 46. Kxf4
Rbc8 47. Be4 Be8 48. Bd3 Bf7 49. Be2 Re8 50. R1d2 Rf8 51. Rd6 b6 52. Ke3 Be8
53. Rd8 Rf6 54. a4 Bd7 55. Rh8 Be8 56. a5 Rd7 57. Rxd7+ Kxd7 58. axb6 {
Hossa resigns} 1-0

[Event "ICS rated blitz match"]
[Site "204.178.125.65"]
[Date "2000.06.08"]
[Round "?"]
[White "MissSilicon"]
[Black "Hossa"]
[Result "1-0"]
[WhiteElo "2604"]
[BlackElo "2460"]
[PlyCount "125"]
[EventDate "2000.??.??"]

1. d4 Nf6 2. c4 e6 3. Nc3 Bb4 4. e3 b6 5. Nge2 Ba6 6. Ng3 Nc6 7. e4 e5 8. d5
Nd4 9. a3 Be7 10. Bd3 c6 11. f4 d6 12. dxc6 Nxc6 13. Nf5 O-O 14. Nd5 Nxd5 15.
cxd5 Bxd3 16. Qxd3 Nd4 17. Nxd4 exd4 18. Qxd4 Bh4+ 19. g3 Bf6 20. Qd3 Qd7 21.
O-O Qh3 22. Rf2 Rfe8 23. f5 Be5 24. Bf4 a6 25. Rc1 b5 26. Bxe5 Rxe5 27. Rc6 Qh6
28. f6 Rae8 29. Rxa6 Qc1+ 30. Kg2 gxf6 31. Rxd6 f5 32. exf5 Qc5 33. Rd7 f6 34.
Qf3 Re4 35. Kh3 Qf8 36. d6 Kh8 37. Qh5 Qg8 38. Qh6 Rf8 39. Rd8 Qg4+ 40. Kg2
Rxd8 41. Qxf6+ Qg7 42. Qxd8+ Qg8 43. Qf6+ Qg7 44. Qxg7+ Kxg7 45. f6+ Kf7 46.
Rd2 Re8 47. d7 Rd8 48. Rd6 Kg8 49. Kf3 h6 50. Ke4 Kf8 51. Kd5 Kf7 52. Kc6 Kg6
53. Kc7 Ra8 54. d8=Q Rxd8 55. Kxd8 Kf7 56. b4 h5 57. h3 h4 58. g4 Kg6 59. Ke7
Kh6 60. Rd5 Kg6 61. Rxb5 Kh7 62. Kf7 Kh8 63. Rh5# {Hossa checkmated} 1-0

[Event "ICS rated blitz match"]
[Site "204.178.125.65"]
[Date "2000.06.08"]
[Round "?"]
[White "Hossa"]
[Black "MissSilicon"]
[Result "0-1"]
[WhiteElo "2450"]
[BlackElo "2614"]
[PlyCount "176"]
[EventDate "2000.??.??"]

1. d4 Nf6 2. c4 g6 3. Nc3 d5 4. Nf3 Bg7 5. Bg5 Ne4 6. Bh4 Nxc3 7. bxc3 c5 8.
cxd5 cxd4 9. Qa4+ Bd7 10. Qb4 dxc3 11. e4 Na6 12. Bxa6 bxa6 13. e5 c2 14. O-O
Bh6 15. d6 Qc8 16. Qa3 Bb5 17. Rfe1 e6 18. Bf6 O-O 19. Ng5 Rb8 20. Qh3 Bxg5 21.
Bxg5 h5 22. Qe3 Rb7 23. Be7 Re8 24. Bf6 Kh7 25. a3 Qc4 26. Qd2 Rc8 27. Qg5 Qd4
28. Rac1 Bd3 29. Be7 a5 30. Bd8 Qa4 31. Be7 Rb3 32. Qe3 a6 33. Qa7 Bb5 34. Bf6
Kg8 35. Qb7 Bd7 36. Qxa6 Rxa3 37. Rf1 Qb5 38. Qa7 Rd3 39. Rfe1 a4 40. Rf1 Rcc3
41. Qa8+ Bc8 42. Qe4 Bb7 43. Qf4 Qd5 44. f3 Qd4+ 45. Qxd4 Rxd4 46. Ra1 a3 47.
Rfc1 Ba6 48. Bd8 Rd5 49. Bh4 Bd3 50. Bf6 Bb5 51. Bh4 Rc4 52. Be7 Kh7 53. Kf2
Rc3 54. Kg3 Bc4 55. d7 Rxd7 56. Bxa3 Bd3 57. Kf4 Rb7 58. Ra2 Ra7 59. Bb2 Rc4+
60. Ke3 Rxa2 61. Kxd3 Rb4 62. Bd4 g5 63. h3 Kg6 64. Bf2 Rb8 65. Bc5 Rc8 66. Be7
Ra5 67. Bf6 Rd5+ 68. Ke2 Kf5 69. g3 g4 70. fxg4+ hxg4 71. h4 Rc4 72. Bg5 Rxe5+
73. Kd3 Rc6 74. Bf4 Rec5 75. h5 Rc3+ 76. Ke2 e5 77. Be3 R6c4 78. Kd2 Ke4 79.
Bf2 Rf3 80. Ke2 Rxf2+ 81. Kxf2 Kd3 82. Ke1 Ke3 83. h6 Rb4 84. Kf1 Rb1 85. Kg2
Rxc1 86. h7 Re1 87. h8=Q Re2+ 88. Kf1 c1=Q# {Hossa checkmated} 0-1

[Event "ICS Rated standard match"]
[Site "204.178.125.65"]
[Date "2000.06.08"]
[Round "?"]
[White "Hossa"]
[Black "PostModernist"]
[Result "0-1"]
[WhiteElo "2325"]
[BlackElo "2451"]
[PlyCount "53"]
[EventDate "2000.??.??"]

1. d4 Nf6 2. c4 c5 3. d5 g6 4. Nc3 Bg7 5. e4 d6 6. f4 e6 7. Nf3 exd5 8. cxd5
Nbd7 9. Bb5 O-O 10. O-O a6 11. Bd3 Nb8 12. Bd2 b5 13. Bc2 Re8 14. e5 dxe5 15.
fxe5 Ng4 16. a4 Bb7 17. axb5 axb5 18. Rxa8 Bxa8 19. Bg5 Qb6 20. Qa1 Nd7 21. Kh1
Ngxe5 22. Nxe5 Bxe5 23. Bh6 b4 24. Nd1 Qd8 25. Be3 Bxd5 26. Qb1 Qh4 27. Bg1 {
Hossa resigns} 0-1

[Event "ICS rated standard match"]
[Site "204.178.125.65"]
[Date "2000.06.08"]
[Round "?"]
[White "RedBear"]
[Black "Hossa"]
[Result "1-0"]
[WhiteElo "2467"]
[BlackElo "2315"]
[PlyCount "117"]
[EventDate "2000.??.??"]

1. e4 e6 2. d4 b6 3. c4 d5 4. exd5 exd5 5. Nc3 Nf6 6. Bg5 dxc4 7. Bxc4 Be7 8.
Nf3 O-O 9. Ne5 Bb7 10. O-O a6 11. Qb3 Qxd4 12. Nxf7 b5 13. Be6 Qa7 14. Rad1 c5
15. Be3 Nc6 16. Rfe1 Nb4 17. a4 Qb6 18. f3 Rab8 19. Ne5+ Kh8 20. axb5 axb5 21.
Nf7+ Kg8 22. Ng5+ Kh8 23. Bf5 Nfd5 24. Nxd5 Nxd5 25. Rxd5 Bxg5 26. Re5 Bxe3+
27. Qxe3 Bc8 28. Bxh7 Kxh7 29. Qe4+ Bf5 30. Rxf5 c4+ 31. Kf1 Rxf5 32. Qxf5+ Qg6
33. Qxg6+ Kxg6 34. Re6+ Kf5 35. Rc6 Re8 36. Kf2 Re6 37. g4+ Kf6 38. Rxe6+ Kxe6
39. Ke3 Kd5 40. h4 b4 41. h5 Ke6 42. f4 Kf6 43. Kd4 c3 44. bxc3 b3 45. Kd3 Ke6
46. g5 Kf7 47. c4 b2 48. Kc2 b1=Q+ 49. Kxb1 Ke6 50. h6 g6 51. h7 Kf5 52. c5
Kxf4 53. h8=Q Kf3 54. Qe5 Kg4 55. c6 Kh3 56. Qe3+ Kg4 57. c7 Kh5 58. c8=Q Kh4
59. Qch3# {Hossa checkmated} 1-0

[Event "ICS rated blitz match"]
[Site "204.178.125.65"]
[Date "2000.06.08"]
[Round "?"]
[White "Hossa"]
[Black "chaturanga-god"]
[Result "0-1"]
[WhiteElo "2441"]
[BlackElo "2480"]
[PlyCount "122"]
[EventDate "2000.??.??"]

1. e4 c6 2. d4 d5 3. e5 Bf5 4. g4 Be4 5. Nf3 h5 6. gxh5 e6 7. Bg2 Bb4+ 8. c3
Be7 9. Nbd2 Bf5 10. Nb3 Nd7 11. Qe2 a5 12. Be3 Rh7 13. h3 a4 14. Nbd2 a3 15.
bxa3 Qa5 16. Nb1 Rxh5 17. Nfd2 Rh7 18. Nb3 Qa6 19. Qxa6 Rxa6 20. a4 f6 21. exf6
Ngxf6 22. a5 Ne4 23. a4 e5 24. Ra2 c5 25. Rb2 exd4 26. cxd4 c4 27. Nc1 Rxa5 28.
Rxb7 Rxa4 29. Nd2 Nd6 30. Rc7 Kd8 31. Rc6 Ra1 32. Nf3 Nb5 33. Ng5 Nxd4 34. Nf7+
Ke8 35. Nd6+ Bxd6 36. Rxd6 Nc2+ 37. Kd2 Nxe3 38. fxe3 Nf6 39. Rb6 Be4 40. Rb8+
Ke7 41. Rg1 Bxg2 42. Rxg2 Kd6 43. Rh2 Ne4+ 44. Kc2 Ra3 45. Rd8+ Ke5 46. Re8+
Kf6 47. Rh1 Rh4 48. Rf1+ Kg6 49. Re6+ Kh7 50. Ne2 Ra2+ 51. Kd1 Rxh3 52. Rxe4
dxe4 53. Nc1 Rb2 54. Rg1 Rhh2 55. Rf1 c3 56. Ke1 Rb1 57. Rf2 Rxc1+ 58. Ke2 Rc2+
59. Kd1 Rhxf2 60. Ke1 Rfd2 61. Kf1 Rd1# {Hossa checkmated} 0-1

[Event "ICS rated standard match"]
[Site "204.178.125.65"]
[Date "2000.06.08"]
[Round "?"]
[White "PostModernist"]
[Black "Hossa"]
[Result "0-1"]
[WhiteElo "2461"]
[BlackElo "2306"]
[PlyCount "174"]
[EventDate "2000.??.??"]

1. d4 Nf6 2. c4 c5 3. d5 g6 4. Nc3 Bg7 5. e4 d6 6. Be2 e6 7. Nf3 O-O 8. O-O Qe7
9. Bg5 h6 10. Bf4 g5 11. Bxd6 Qxd6 12. e5 Qd8 13. exf6 Bxf6 14. Qd3 Na6 15.
dxe6 Bxe6 16. Qe4 Bxc3 17. Bd3 Re8 18. Qh7+ Kf8 19. bxc3 Qf6 20. Rfe1 Bg4 21.
Be4 Rad8 22. h3 Bxf3 23. Bxf3 b6 24. Bh5 Qg7 25. Rxe8+ Rxe8 26. Qf5 Nc7 27. Rd1
Re7 28. Rd7 Re1+ 29. Kh2 Re7 30. Kg1 Re1+ 31. Kh2 Re7 32. Rxe7 Kxe7 33. Qe4+
Kd8 34. Qd3+ Ke7 35. Qg3 Ne6 36. Qb8 Qxc3 37. Qxa7+ Kf6 38. Qxf7+ Ke5 39. Be2
Qc2 40. Qf3 Nf4 41. Bf1 Qxa2 42. g3 Ne6 43. Kg1 Qa7 44. h4 Qe7 45. Bh3 Nd4 46.
Qh5 Qg7 47. Qe8+ Kf6 48. Qd8+ Qe7 49. Qxb6+ Kg7 50. h5 Nf3+ 51. Kg2 Qe4 52.
Qc7+ Kf6 53. Qd6+ Kg7 54. Qd5 Nh4+ 55. Kh2 Nf3+ 56. Kh1 Qxd5 57. cxd5 c4 58. d6
Kf6 59. Bf5 c3 60. g4 Nd4 61. Bd3 Ne2 62. Bf5 Kf7 63. Bg6+ Ke6 64. Kg2 Kxd6 65.
Kf1 Nf4 66. Ke1 Ke5 67. Kd1 Nd5 68. Kc2 Kf4 69. Bf5 Nf6 70. Kxc3 Nxg4 71. Bxg4
Kxg4 72. Kd2 Kxh5 73. Ke3 Kg4 74. Ke2 h5 75. Kf1 Kf3 76. Kg1 h4 77. Kf1 g4 78.
Kg1 h3 79. Kh1 Kxf2 80. Kh2 Kf3 81. Kg1 g3 82. Kf1 g2+ 83. Kg1 h2+ 84. Kxh2 Kf2
85. Kh3 g1=Q 86. Kh4 Qg6 87. Kh3 Qh5# 0-1

[Event "ICS rated standard match"]
[Site "204.178.125.65"]
[Date "2000.06.09"]
[Round "?"]
[White "Hossa"]
[Black "gambitmaster"]
[Result "1/2-1/2"]
[WhiteElo "2329"]
[BlackElo "2391"]
[PlyCount "128"]
[EventDate "2000.??.??"]

1. e4 e5 2. Nc3 Nc6 3. Nf3 Nf6 4. Be2 d5 5. exd5 Nxd5 6. Bb5 Nxc3 7. bxc3 Bd6
8. O-O O-O 9. d4 exd4 10. Bxc6 bxc6 11. cxd4 Bg4 12. h3 Bh5 13. Be3 Rb8 14. c4
Re8 15. g4 Bg6 16. Re1 f5 17. Ne5 Bxe5 18. dxe5 Rxe5 19. Qxd8+ Rxd8 20. Bxa7
Ra5 21. Be3 Ra4 22. Red1 Rd6 23. Rac1 fxg4 24. hxg4 Bf7 25. Bc5 Rxd1+ 26. Rxd1
Be6 27. Rd8+ Kf7 28. Rd4 Ra5 29. Rf4+ Kg6 30. Re4 Bg8 31. Bd4 c5 32. Re5 Ra4
33. Rxc5 Rxc4 34. Rxc4 Bxc4 35. a4 Be2 36. g5 Kxg5 37. Bxg7 c5 38. Bf8 c4 39.
Bg7 h5 40. a5 Bf3 41. a6 h4 42. a7 h3 43. Bb2 Kf4 44. Kh2 Kg4 45. Be5 Bb7 46.
Bd4 Bf3 47. Bc3 Bd5 48. f4 Bg2 49. Bd2 Bb7 50. f5 Kxf5 51. Kxh3 c3 52. Bc1 Ba8
53. Kg3 Ke4 54. Kf2 Kd3 55. Ke1 Kd4 56. Bg5 c2 57. Kf1 Kc3 58. Ke1 Kb2 59. Bf4
Kb1 60. Bg5 c1=Q+ 61. Bxc1 Ka1 62. Ba3 Ka2 63. Bc1 Bh1 64. a8=R+ Bxa8 1/2-1/2

[Event "ICS rated bullet match"]
[Site "204.178.125.65"]
[Date "2000.06.09"]
[Round "?"]
[White "Hossa"]
[Black "PostModernist"]
[Result "0-1"]
[WhiteElo "2309"]
[BlackElo "2559"]
[PlyCount "106"]
[EventDate "2000.??.??"]

1. e4 c5 2. Nc3 Nc6 3. g3 g6 4. Bg2 Bg7 5. d3 Rb8 6. Nf3 d6 7. Qe2 Bg4 8. Qd2
Nf6 9. h3 Bxf3 10. Bxf3 b5 11. a4 b4 12. Ne2 O-O 13. Qd1 Qd7 14. Be3 Qe6 15.
Bg2 Nd7 16. Nf4 Qf6 17. Rb1 Nb6 18. O-O Nxa4 19. Nd5 Qe6 20. c3 Nb6 21. cxb4
Nxb4 22. Nxb4 cxb4 23. Ra1 Bxb2 24. Rxa7 Rfc8 25. Bg5 Nd7 26. d4 Rd8 27. Qd2
Bc3 28. Qd3 Ra8 29. Rxa8 Rxa8 30. Bh6 Ra5 31. d5 Qf6 32. Qc4 Rc5 33. Qa6 Nb6
34. Qxb6 Rc8 35. Rc1 Ra8 36. Qb7 Re8 37. Bh1 g5 38. Qc6 Rb8 39. Qc7 Ra8 40. Rd1
Qxh6 41. Qxe7 Ra2 42. Qd8+ Kg7 43. Bg2 Qf6 44. Qb6 b3 45. Rb1 Bd4 46. Qxd4 Qxd4
47. Kh2 Qxf2 48. Rg1 Qxg1+ 49. Kxg1 b2 50. Bf1 b1=Q 51. e5 Qe1 52. exd6 Qf2+
53. Kh1 Qxf1# {Hossa checkmated} 0-1

[Event "ICS rated standard match"]
[Site "204.178.125.65"]
[Date "2000.06.09"]
[Round "?"]
[White "PostModernist"]
[Black "Hossa"]
[Result "1-0"]
[WhiteElo "2438"]
[BlackElo "2332"]
[PlyCount "137"]
[EventDate "2000.??.??"]

1. e4 e5 2. Bc4 Nc6 3. Nf3 Nf6 4. d3 Bb4+ 5. Nc3 d5 6. exd5 Nxd5 7. Bd2 Bxc3 8.
bxc3 O-O 9. O-O Bg4 10. Re1 a6 11. h3 Bxf3 12. Qxf3 Nb6 13. Bb3 a5 14. a4 Qd7
15. Rab1 Rfe8 16. Re4 Nc8 17. Rg4 Nd6 18. Bh6 g6 19. Rxg6+ hxg6 20. Qf6 Nf5 21.
Qxg6+ Kh8 22. Bxf7 Qd6 23. Bxe8 Nce7 24. Qh5 Qxh6 25. Rxb7 Qxh5 26. Bxh5 Nd5
27. Bf3 c6 28. Bxd5 cxd5 29. Rf7 Nh4 30. Rd7 Rg8 31. Rxd5 Rxg2+ 32. Kf1 Rg5 33.
Rxa5 Nf3 34. h4 Rh5 35. d4 Rxh4 36. dxe5 Re4 37. Kg2 Ne1+ 38. Kg3 Nxc2 39. Kf3
Rc4 40. e6 Rxc3+ 41. Ke4 Kg7 42. Ke5 Nb4 43. Ra7+ Kg6 44. Kd6 Rc2 45. f3 Rd2+
46. Kc5 Nc2 47. a5 Rd3 48. Rd7 Rc3+ 49. Kb5 Rb3+ 50. Kc4 Rxf3 51. a6 Na3+ 52.
Kc5 Rf5+ 53. Rd5 Rf1 54. e7 Rc1+ 55. Kd6 Nc4+ 56. Kd7 Nb6+ 57. Ke6 Re1+ 58. Re5
Ra1 59. e8=Q+ Kg7 60. Ke7 Nd5+ 61. Kd8 Rg1 62. Rxd5 Kf6 63. Qh8+ Kg6 64. a7 Rd1
65. Qg8+ Kf6 66. Rxd1 Kf5 67. Qf8+ Ke5 68. a8=Q Ke6 69. Qd5# {Hossa checkmated}
1-0

[Event "ICS Rated standard match"]
[Site "204.178.125.65"]
[Date "2000.06.09"]
[Round "?"]
[White "MissSilicon"]
[Black "Hossa"]
[Result "1/2-1/2"]
[WhiteElo "2432"]
[BlackElo "2332"]
[PlyCount "250"]
[EventDate "2000.??.??"]

1. d4 Nf6 2. c4 c5 3. d5 g6 4. Nc3 Bg7 5. g3 d6 6. Bg2 O-O 7. Nf3 Bf5 8. Nh4
Bd7 9. O-O Na6 10. a3 Nc7 11. f3 b5 12. cxb5 Nxb5 13. Nxb5 Bxb5 14. Rf2 Qb6 15.
e4 Bc4 16. Bg5 e6 17. dxe6 fxe6 18. Rc1 Bb3 19. Qe1 Nd7 20. Kh1 Rf7 21. Bh3 Ne5
22. Qe2 d5 23. exd5 exd5 24. Qd2 Raf8 25. Bf4 d4 26. Re1 Re7 27. Bxe5 Rxe5 28.
Rxe5 Bxe5 29. Re2 Bf6 30. Ng2 Bg7 31. f4 g5 32. Re1 Qh6 33. Bd7 Qd6 34. Bb5
gxf4 35. Nxf4 Qc7 36. Qd3 c4 37. Qe4 Qc5 38. Qb7 c3 39. Bd3 Qb6 40. Qe4 Qh6 41.
bxc3 dxc3 42. Rb1 Bf7 43. Rb7 a5 44. Rc7 Bb3 45. Rc6 Bf6 46. Ne2 Qh3 47. Kg1
Qd7 48. Rd6 Qa7+ 49. Kh1 a4 50. Rc6 Qd7 51. Rd6 Qe7 52. Nxc3 Qxe4+ 53. Nxe4 Be7
54. Ra6 Rf3 55. Bb5 Bc2 56. Bc4+ Kh8 57. Ra8+ Rf8 58. Rxf8+ Bxf8 59. Nc3 Bxa3
60. Bb5 Bb2 61. Bxa4 Bxc3 62. Bxc2 h6 63. Kg2 Kg7 64. Kf3 Kf6 65. Kg4 Bd4 66.
Kh5 Bg1 67. h4 Bf2 68. g4 Kg7 69. g5 hxg5 70. hxg5 Kh8 71. Kg4 Kg8 72. Kf5 Kh8
73. Bd1 Kg8 74. Bb3+ Kh8 75. g6 Kg7 76. Bc4 Kh6 77. Bf7 Kg7 78. Be6 Kh6 79. Bd5
Kg7 80. Be4 Kh6 81. Kg4 Kg7 82. Kg5 Kh8 83. Kf6 Bd4+ 84. Kf7 Bc3 85. Bd3 Bb2
86. Bb5 Ba1 87. Bc4 Bb2 88. Be2 Ba1 89. Bf3 Bb2 90. Bg4 Ba1 91. Bf5 Bb2 92. Bd3
Ba1 93. Bb5 Bb2 94. Ba4 Ba1 95. Bd7 Bb2 96. Bf5 Ba1 97. Bc8 Bb2 98. Bb7 Ba1 99.
Ba6 Bb2 100. Bc4 Ba1 101. Be6 Bb2 102. Bd5 Ba1 103. Bg2 Bb2 104. Ke6 Kg8 105.
Kf5 Kh8 106. Kg5 Kg8 107. Bc6 Kh8 108. Kg4 Kg8 109. Bd5+ Kh8 110. Kf5 Kg7 111.
Bb3 Kh6 112. Bf7 Kg7 113. Bc4 Kh6 114. Bb5 Kg7 115. Be2 Kh6 116. Bg4 Kg7 117.
Bf3 Kg8 118. Kg5 Kh8 119. Bd1 Kg8 120. Bb3+ Kh8 121. Bc2 Kg8 122. Kf5 Kf8 123.
Be4 Kg7 124. Bb7 Kf8 125. Bc6 Kg7 1/2-1/2

[Event "ICS Rated standard match"]
[Site "204.178.125.65"]
[Date "2000.06.09"]
[Round "?"]
[White "Hossa"]
[Black "star"]
[Result "0-1"]
[WhiteElo "2336"]
[BlackElo "2564"]
[PlyCount "82"]
[EventDate "2000.??.??"]

1. e4 c5 2. Nf3 d6 3. d4 cxd4 4. Nxd4 Nf6 5. Nc3 a6 6. Bd3 e5 7. Nf3 Be7 8. O-O
O-O 9. Be3 b5 10. Qd2 Bb7 11. Rfd1 Nbd7 12. a3 Re8 13. Bg5 h6 14. Bh4 Qc7 15.
Qe2 Rac8 16. Rd2 Qb6 17. Rb1 g5 18. Bg3 Nc5 19. Rdd1 Ne6 20. Ra1 Qc5 21. h3 Nh5
22. Bh2 Nhf4 23. Qf1 h5 24. Nd2 g4 25. hxg4 hxg4 26. Be2 f5 27. Nb3 Qb6 28. Bd3
Bh4 29. g3 Nh3+ 30. Kg2 Rxc3 31. bxc3 fxe4 32. gxh4 exd3+ 33. Kg3 Nef4 34. Rxd3
Nh5+ 35. Kxg4 Nxf2+ 36. Kxh5 Kf7 37. Qxf2+ Qxf2 38. Rf1 Qxf1 39. Nd4 Qf6 40.
Kg4 Rg8+ 41. Kh3 Bg2# {Hossa checkmated} 0-1

[Event "ICS rated standard match"]
[Site "204.178.125.65"]
[Date "2000.06.09"]
[Round "?"]
[White "PackMaster"]
[Black "Hossa"]
[Result "1-0"]
[WhiteElo "2489"]
[BlackElo "2329"]
[PlyCount "149"]
[EventDate "2000.??.??"]

1. d4 Nf6 2. c4 c5 3. d5 g6 4. Nc3 Bg7 5. e4 d6 6. Nf3 Bg4 7. Qa4+ Nbd7 8. Qb3
Rb8 9. Be2 O-O 10. Be3 e6 11. dxe6 fxe6 12. Ng5 Qe7 13. f3 h6 14. fxg4 hxg5 15.
Bxg5 Ne5 16. O-O-O Nf7 17. Bf4 Nd7 18. h4 Nde5 19. Kb1 Nc6 20. h5 Nd4 21. Qa4
g5 22. Bg3 Be5 23. Bxe5 Nxe5 24. Rdf1 Nxe2 25. Nxe2 Nxg4 26. Nc3 Ne3 27. Re1
Nxg2 28. Reg1 Nf4 29. Qxa7 Ra8 30. Qb6 Nd3 31. Qb3 Rf2 32. Nd1 Rf3 33. Qb5 Rf4
34. Rg3 Ne5 35. Qb3 Raf8 36. Qc2 g4 37. Qe2 Qh7 38. Nc3 R8f6 39. Qd1 Rxe4 40.
Nxe4 Qxe4+ 41. Ka1 Qxc4 42. Re1 Qd4 43. Qb3 Qd5 44. Qa4 Qc6 45. Qxc6 bxc6 46.
Kb1 Rf3 47. Rxf3 gxf3 48. Kc2 f2 49. Rf1 Ng4 50. Kd2 Kg7 51. a4 Kh6 52. a5 Kxh5
53. a6 Kh4 54. a7 Kg3 55. a8=Q e5 56. Ke2 d5 57. Qxc6 d4 58. Qe4 c4 59. Rh1 d3+
60. Kf1 d2 61. Ke2 d1=Q+ 62. Rxd1 Kh4 63. Kf3 f1=Q+ 64. Rxf1 Kg5 65. Qxg4+ Kf6
66. Ke4+ Ke7 67. Qg7+ Kd6 68. Qxe5+ Kd7 69. Kd5 Kc8 70. Rf8+ Kb7 71. Rf7+ Ka6
72. Qd6+ Kb5 73. Qc5+ Ka4 74. Qa3+ Kb5 75. Rb7# {Hossa checkmated} 1-0

[Event "ICS rated blitz match"]
[Site "204.178.125.65"]
[Date "2000.06.09"]
[Round "?"]
[White "MissSilicon"]
[Black "Hossa"]
[Result "0-1"]
[WhiteElo "2655"]
[BlackElo "2427"]
[PlyCount "94"]
[EventDate "2000.??.??"]

1. Nf3 Nf6 2. c4 e6 3. Nc3 c5 4. d4 cxd4 5. Nxd4 Nc6 6. g3 Bb4 7. Bg2 Ne5 8.
Qb3 Bc5 9. Be3 Qb6 10. O-O-O Qxb3 11. axb3 Neg4 12. Ncb5 Nxe3 13. fxe3 O-O 14.
e4 Ng4 15. Rd2 Bb4 16. Nc3 d6 17. Bf3 Ne5 18. Ndb5 Bc5 19. Kb1 Rd8 20. Rhd1 Bd7
21. Nxd6 Rab8 22. Bg2 Be3 23. Rc2 Bc6 24. b4 b6 25. b3 Rd7 26. Ndb5 Bxb5 27.
cxb5 Rxd1+ 28. Nxd1 Bg1 29. h3 h5 30. Rc7 Ra8 31. Kc2 g5 32. h4 Bh2 33. Rc3 Kh7
34. hxg5 Rg8 35. Rc7 Rxg5 36. Rxa7 Rxg3 37. Bh1 Rg8 38. Rb7 Bg1 39. e3 Rg3 40.
Rxb6 Rh3 41. Rd6 Rxh1 42. b6 Rh2+ 43. Kc3 Rg2 44. b7 Rg8 45. Rd2 h4 46. Rg2 Nc6
47. Rxg8 Kxg8 {MissSilicon resigns} 0-1

[Event "ICS rated blitz match"]
[Site "204.178.125.65"]
[Date "2000.06.09"]
[Round "?"]
[White "Hossa"]
[Black "MissSilicon"]
[Result "0-1"]
[WhiteElo "2452"]
[BlackElo "2630"]
[PlyCount "172"]
[EventDate "2000.??.??"]

1. d4 Nf6 2. c4 e5 3. dxe5 Ng4 4. e4 Nxe5 5. Nc3 Bb4 6. Bd2 d6 7. Nd5 Bc5 8. b4
Bd4 9. Bg5 Bc3+ 10. Nxc3 Qxg5 11. Nd5 Qd8 12. f4 Ng6 13. Ne2 O-O 14. Qc2 c6 15.
Ndc3 a5 16. b5 Bg4 17. O-O-O Qf6 18. g3 Nd7 19. Kb1 Nc5 20. Bg2 Rfe8 21. Rd2
cxb5 22. Nd5 Qd8 23. cxb5 Rc8 24. Nec3 Bd7 25. b6 Rf8 26. Nc7 Ne6 27. f5 Nxc7
28. bxc7 Qxc7 29. fxg6 Qxc3 30. Qxc3 Rxc3 31. gxf7+ Rxf7 32. Rxd6 Bc6 33. Rd4
Re3 34. Rd8+ Rf8 35. Rxf8+ Kxf8 36. Rf1+ Ke7 37. Ka1 Re2 38. Bf3 Rxh2 39. Kb1
Rd2 40. e5 Bd5 41. Bxd5 Rxd5 42. Rh1 h6 43. Rc1 Kd7 44. Rf1 Rxe5 45. Rf7+ Re7
46. Rf3 Kd6 47. Ra3 Re5 48. Kb2 Re2+ 49. Kb1 b6 50. Rd3+ Kc5 51. Rc3+ Kb5 52.
Rb3+ Kc6 53. Rc3+ Kd7 54. Rf3 g6 55. Rf7+ Kd6 56. Ka1 Re3 57. Rf6+ Re6 58. Rf2
Kc5 59. Rc2+ Kd5 60. Kb2 Re4 61. Rh2 h5 62. Rd2+ Rd4 63. Re2 Rd3 64. Rg2 b5 65.
Kc2 Kd4 66. Kb1 b4 67. Kc1 Ke3 68. g4 Kf3 69. Rg1 h4 70. Rh1 Kxg4 71. Rg1+ Rg3
72. Rd1 h3 73. Rh1 Rg2 74. Re1 h2 75. Re4+ Kg5 76. Re5+ Kf4 77. Re1 Rg1 78. Rd1
h1=Q 79. Rxg1 Qxg1+ 80. Kc2 Qc5+ 81. Kb3 Ke3 82. Kb2 Kd3 83. a3 Qc2+ 84. Ka1
Qc1+ 85. Ka2 b3+ 86. Kxb3 Qc2# {Hossa checkmated} 0-1

[Event "ICS rated standard match"]
[Site "204.178.125.65"]
[Date "2000.06.09"]
[Round "?"]
[White "Hossa"]
[Black "Mefisto5000"]
[Result "1-0"]
[WhiteElo "2320"]
[BlackElo "2020"]
[PlyCount "75"]
[EventDate "2000.??.??"]

1. e4 e6 2. d4 d5 3. exd5 exd5 4. Bd3 Bd6 5. Nc3 c6 6. Nge2 Ne7 7. Bf4 O-O 8.
Bxd6 Qxd6 9. O-O Bf5 10. Re1 Bxd3 11. Qxd3 Ng6 12. Ng3 Nd7 13. Nf5 Qf6 14. Qh3
Nb6 15. Qf3 Rfe8 16. Nh6+ Kf8 17. Qxf6 gxf6 18. Nf5 Rxe1+ 19. Rxe1 Rd8 20. h4
Nc4 21. Nd1 Nd6 22. Nde3 Nxf5 23. Nxf5 Rd7 24. Kh2 Ne7 25. Nxe7 Rxe7 26. Rxe7
Kxe7 27. Kg3 f5 28. Kf4 Kf6 29. b3 h6 30. a3 Ke6 31. h5 Kf6 32. a4 a5 33. c3
Ke6 34. b4 b6 35. bxa5 bxa5 36. f3 Kf6 37. g4 fxg4 38. fxg4 {
Mefisto5000 resigns} 1-0

[Event "ICS rated standard match"]
[Site "204.178.125.65"]
[Date "2000.06.09"]
[Round "?"]
[White "Mefisto5000"]
[Black "Hossa"]
[Result "0-1"]
[WhiteElo "2015"]
[BlackElo "2325"]
[PlyCount "39"]
[EventDate "2000.??.??"]

1. d4 Nf6 2. c4 e5 3. dxe5 Ng4 4. Nf3 Bc5 5. e3 Nc6 6. Qd5 Qe7 7. a3 a5 8. Bd2
Ngxe5 9. Nxe5 Nxe5 10. Bc3 d6 11. Bxe5 dxe5 12. Nc3 O-O 13. Qf3 Rd8 14. Be2 f5
15. Bd1 Qf7 16. Qe2 Be6 17. b3 e4 18. Qb2 f4 19. O-O fxe3 20. Nxe4 {
Mefisto5000 resigns} 0-1